5 poetes de Girona (Record no. 44668)

MARC details
000 -LEADER
campo de control de longitud fija 00712nam a2200217 i 4500
001 - NÚMERO DE CONTROL
campo de control 44668
003 - IDENTIFICADOR DE NÚMERO DE CONTROL
campo de control ES-MaACL
005 - FECHA Y HORA DE LA ÚLTIMA TRANSACCIÓN
campo de control 20230906161056.0
007 - CAMPO FIJO DE DESCRIPCIÓN FÍSICA--INFORMACIÓN GENERAL
campo de control de longitud fija t|
008 - DATOS DE LONGITUD FIJA--INFORMACIÓN GENERAL
campo de control de longitud fija 030324s1966 sp ||||1| cat d
245 00 - MENCIÓN DEL TÍTULO
Título 5 poetes de Girona
Resto del título : Josep Tarres, Mª Antonia Morera i Rafols, Narcis Comadira, Carme Pons, Miquel Perpinya.
260 ## - PUBLICACIÓN, DISTRIBUCIÓN, ETC.
Lugar de publicación, distribución, etc. Girona :
Nombre del editor, distribuidor, etc. [Dalmáu Carles],
Fecha de publicación, distribución, etc. 1966.
300 ## - DESCRIPCIÓN FÍSICA
Extensión 207 p., 5 lám. ;
Dimensiones 23 cm.
700 1# - ENTRADA AGREGADA--NOMBRE PERSONAL
Nombre de persona Tarres, Josep.
9 (RLIN) 109343
700 1# - ENTRADA AGREGADA--NOMBRE PERSONAL
Nombre de persona Morera i Rafols, María Antonia.
9 (RLIN) 83462
700 1# - ENTRADA AGREGADA--NOMBRE PERSONAL
Nombre de persona Comadira, Narcís.
9 (RLIN) 39927
700 1# - ENTRADA AGREGADA--NOMBRE PERSONAL
Nombre de persona Pons, Carme.
9 (RLIN) 92983
700 1# - ENTRADA AGREGADA--NOMBRE PERSONAL
Nombre de persona Perpinya, Miquel.
9 (RLIN) 91328
740 0# - ENTRADA AGREGADA--TÍTULO RELACIONADO/ANALÍTICO NO CONTROLADO
Título relacionado o analítico no controlado Cinc poetes de Girona.
852 ## - LOCALIZACIÓN
Ubicación ES-MaACL
Número de control de estantería C-30510
Sublocalización o colección R.60949
Holdings
Estatus retirado Estado de pérdida Estado de daño No para préstamo Biblioteca de origen Biblioteca actual Ubicación en estantería Fecha de adquisición Fuente de adquisición Total de préstamos Signatura topográfica completa Código de barras Visto por última vez Precio de reemplazo Tipo de ítem Koha
        Biblioteca del Ateneo de Madrid Biblioteca del Ateneo de Madrid Depósito 2 17/01/2008     C-30510 1047011 23/02/2023 23/02/2023 Libro impreso